[Event "World Blitz Women 2017"]
[Site "Riyadh KSA"]
[Date "2017.12.29"]
[Round "2.19"]
[White "Voit, Daria"]
[Black "Ovod, Evgenija"]
[Result "1-0"]
[WhiteTitle "FM"]
[BlackTitle "IM"]
[WhiteElo "2390"]
[BlackElo "2364"]
[WhiteFideId "4182146"]
[BlackFideId "4131827"]
[EventDate "2017.12.29"]

1. c4 c5 2. Nc3 Nf6 3. Nf3 e6 4. g3 b6 5. Bg2 Bb7 6. O-O d6 7. Re1 Be7 8. e4 O-O
9. d4 cxd4 10. Nxd4 Qc8 11. Be3 a6 12. Rc1 Nbd7 13. f4 Rd8 14. g4 g6 15. g5 Nh5
16. b3 e5 17. fxe5 Nxe5 18. Nf3 Ng7 19. Nd5 Bxd5 20. cxd5 Nxf3+ 21. Qxf3 Qb7 22.
Rf1 Rf8 23. Bh3 f5 24. gxf6 Bxf6 25. Qg4 Be5 26. Qd7 Qxd7 27. Bxd7 b5 28. Rxf8+
Rxf8 29. Rc8 Rxc8 30. Bxc8 a5 31. Bd7 b4 32. Bb6 Nh5 33. Bxa5 Bd4+ 34. Kg2 Bc5
35. Kf3 Nf6 36. Be6+ Kg7 37. Bd8 h5 38. Be7 Ne8 39. e5 Kh6 40. h4 Kg7 41. Ke4
Kh6 42. Bf7 Ng7 43. Bxd6 Bxd6 44. exd6 Nf5 45. Ke5 Kg7 46. Be6 Kf8 47. Bxf5 gxf5
48. Kxf5 Ke8 49. Kg5 Kd7 50. Kxh5 Kxd6 51. Kg6 1-0

[Event "World Blitz Women 2017"]
[Site "Riyadh KSA"]
[Date "2017.12.29"]
[Round "2.20"]
[White "Lagno, Kateryna"]
[Black "Mammadzada, Gunay"]
[Result "1-0"]
[WhiteTitle "GM"]
[BlackTitle "WGM"]
[WhiteElo "2547"]
[BlackElo "2333"]
[WhiteFideId "14109336"]
[BlackFideId "13403729"]
[EventDate "2017.12.29"]

1. e4 c5 2. Nf3 d6 3. d4 cxd4 4. Nxd4 Nf6 5. Nc3 a6 6. a3 e5 7. Nf3 Qc7 8. Bg5
Nbd7 9. Be2 h6 10. Be3 b5 11. O-O Bb7 12. Nd2 Be7 13. Bf3 O-O 14. Rc1 Nc5 15.
Re1 Rad8 16. b4 Ncd7 17. Nd5 Nxd5 18. exd5 f5 19. Nb3 Nf6 20. Na5 e4 21. Nxb7
Qxb7 22. Be2 Nxd5 23. Bd4 Nf4 24. c4 d5 25. c5 Qc6 26. Bf1 Ne6 27. f3 Nxd4 28.
Qxd4 Bf6 29. Qd1 d4 30. fxe4 fxe4 31. Qg4 Bg5 32. Rcd1 Rf4 33. Qe2 d3 34. Qa2+
Kh8 35. g3 Rff8 36. Bg2 Rfe8 37. Qf7 Re7 38. Qf5 d2 39. Rxe4 Rxe4 40. Bxe4 Qc7
41. Qh7# 1-0

[Event "World Blitz Women 2017"]
[Site "Riyadh KSA"]
[Date "2017.12.29"]
[Round "2.21"]
[White "Bivol, Alina"]
[Black "Ju, Wenjun"]
[Result "0-1"]
[WhiteTitle "WGM"]
[BlackTitle "GM"]
[WhiteElo "2356"]
[BlackElo "2567"]
[WhiteFideId "4100123"]
[BlackFideId "8603006"]
[EventDate "2017.12.29"]

1. Nf3 Nf6 2. g3 d5 3. Bg2 c6 4. d3 Bg4 5. h3 Bxf3 6. Bxf3 e5 7. Bg2 Nbd7 8. c4
Bc5 9. O-O O-O 10. cxd5 cxd5 11. Nc3 d4 12. Nb1 Rb8 13. Nd2 h6 14. Nf3 Re8 15.
Nh4 Qb6 16. a3 a5 17. Rb1 Rbc8 18. Bd2 Bf8 19. b4 axb4 20. axb4 e4 21. Qb3 e3
22. fxe3 dxe3 23. Bc3 Qc7 24. Bxf6 Nxf6 25. Nf5 b6 26. Nxh6+ gxh6 27. Rxf6 Qxg3
28. Qxf7+ Kh8 29. Rbf1 Re7 30. Qd5 Bg7 31. Rxb6 Be5 32. Rd1 Qh2+ 33. Kf1 Rf8+
34. Qf3 Rxf3+ 35. exf3 e2+ 36. Kxe2 Bd4+ 0-1

[Event "World Blitz Women 2017"]
[Site "Riyadh KSA"]
[Date "2017.12.29"]
[Round "2.22"]
[White "Harika, Dronavalli"]
[Black "Padmini, Rout"]
[Result "0-1"]
[WhiteTitle "GM"]
[BlackTitle "IM"]
[WhiteElo "2504"]
[BlackElo "2324"]
[WhiteFideId "5015197"]
[BlackFideId "5029295"]
[EventDate "2017.12.29"]

1. Nf3 Nf6 2. g3 d5 3. Bg2 c5 4. O-O e6 5. b3 Be7 6. Bb2 Nc6 7. e3 b6 8. c4 Bb7
9. Qe2 O-O 10. Rd1 Bd6 11. d4 Qe7 12. Nc3 dxc4 13. bxc4 Rac8 14. Nb5 cxd4 15.
Nxd6 Qxd6 16. Nxd4 Qe7 17. Nb5 Rfd8 18. Ba3 Qe8 19. Nd6 Rxd6 20. Bxd6 Ba6 21.
Qb2 Bxc4 22. Rac1 b5 23. a4 a6 24. axb5 axb5 25. e4 e5 26. h3 h6 27. Kh2 Qe6 28.
Bc5 Ne8 29. Be3 Nf6 30. Qd2 Kh7 31. Qb2 Na5 32. Ra1 Nb3 33. Ra7 Nc5 34. Bxc5
Rxc5 35. Rd8 Kg6 36. Qd2 Rc8 37. Rxc8 Qxc8 38. Qd1 Qc5 39. Ra6 Qxf2 40. Qg4+ Kh7
41. Qf5+ Qxf5 42. exf5 e4 43. Kg1 e3 44. Rb6 Nh5 45. g4 Nf4 46. Bf3 Nxh3+ 47.
Kh2 Ng5 48. Kg3 e2 49. Bxe2 Bxe2 50. Kf4 Bc4 51. Kg3 f6 52. Kf4 h5 53. gxh5 Kh6
54. Rb7 Nf7 55. Kg4 Ne5+ 56. Kf4 Be2 57. Ke4 Bf3+ 58. Kf4 Bxb7 0-1

[Event "World Blitz Women 2017"]
[Site "Riyadh KSA"]
[Date "2017.12.29"]
[Round "2.24"]
[White "Ushenina, Anna"]
[Black "Guo, Qi"]
[Result "1/2-1/2"]
[WhiteTitle "GM"]
[BlackTitle "IM"]
[WhiteElo "2416"]
[BlackElo "2396"]
[WhiteFideId "14110911"]
[BlackFideId "8604002"]
[EventDate "2017.12.29"]

1. d4 Nf6 2. Nf3 d5 3. Bf4 c5 4. e3 Nc6 5. Nbd2 Bg4 6. c3 e6 7. Bb5 Bd6 8. Qa4
O-O 9. dxc5 Bxf4 10. exf4 Bxf3 11. Nxf3 Ne7 12. Bd3 Qc7 13. Qd4 Rfc8 14. O-O
Qxc5 15. Rfe1 Qxd4 16. Nxd4 g6 17. h3 Nc6 18. Nf3 Rd8 19. Rad1 Rac8 20. g4 Re8
21. f5 gxf5 22. gxf5 e5 23. Bb5 e4 24. Nh4 a6 25. Ba4 b5 26. Bb3 Rcd8 27. f3 Ne5
28. fxe4 dxe4 29. Bc2 Nc4 30. b4 Rxd1 31. Rxd1 Ne3 32. Rd2 Rc8 33. Bb3 Rxc3 34.
Kf2 Nxf5 35. Rd8+ Kg7 36. Nxf5+ Kg6 37. Ne3 Rc6 38. Kg3 Nh5+ 39. Kf2 Nf4 40. Bc2
f5 41. h4 Rc3 42. Rd6+ Kf7 43. Bb3+ Ke7 44. Nxf5+ Ke8 45. Rd4 Rf3+ 46. Ke1 Ng2+
47. Kd1 Rxf5 48. Rxe4+ Kf8 49. Re6 Nxh4 50. Rh6 Nf3 51. Rxh7 Rf6 52. Ra7 Nd4 53.
Kd2 Nxb3+ 54. axb3 Ke8 55. Rc7 Kd8 56. Rc5 Kd7 1/2-1/2

[Event "World Blitz Women 2017"]
[Site "Riyadh KSA"]
[Date "2017.12.29"]
[Round "2.26"]
[White "Atalik, Ekaterina"]
[Black "Gvetadze, Sofio"]
[Result "1-0"]
[WhiteTitle "IM"]
[BlackTitle "IM"]
[WhiteElo "2451"]
[BlackElo "2289"]
[WhiteFideId "4130189"]
[BlackFideId "13601440"]
[EventDate "2017.12.29"]

1. d4 Nf6 2. Nf3 g6 3. g3 Bg7 4. Bg2 O-O 5. O-O c5 6. d5 d6 7. Nc3 Na6 8. e4 Nc7
9. a4 Rb8 10. Re1 Bg4 11. h3 Bxf3 12. Bxf3 a6 13. a5 b5 14. axb6 Rxb6 15. Bg2
Nd7 16. f4 Nb5 17. Nxb5 axb5 18. Kh2 Rb8 19. Ra3 Nb6 20. Bf1 b4 21. Ra6 c4 22.
Bg2 Nd7 23. Rc6 c3 24. b3 Qa5 25. Be3 Rfc8 26. Bd4 Nc5 27. Bxg7 Kxg7 28. e5 Rd8
29. exd6 exd6 30. Qd4+ Kg8 31. Qf6 Nd7 32. Qxd6 Nf8 33. Qf6 Re8 34. Re7 Rxe7 35.
Qxe7 Qd8 36. Qxd8 Rxd8 37. Rb6 Nd7 38. Rxb4 Nf6 39. Rc4 Nxd5 40. Rd4 Re8 41.
Rxd5 Re2 42. Rc5 Rxc2 43. b4 Kg7 44. b5 h5 45. g4 hxg4 46. hxg4 Rb2 47. Kg3 c2
48. Bc6 Rb3+ 49. Kf2 Rb2 1-0

[Event "World Blitz Women 2017"]
[Site "Riyadh KSA"]
[Date "2017.12.29"]
[Round "2.27"]
[White "Sukandar, Irine Kharisma"]
[Black "Papp, Petra"]
[Result "1-0"]
[WhiteTitle "IM"]
[BlackTitle "WGM"]
[WhiteElo "2384"]
[BlackElo "2313"]
[WhiteFideId "7101937"]
[BlackFideId "739049"]
[EventDate "2017.12.29"]

1. e4 c5 2. Nf3 d6 3. c3 Nf6 4. Bd3 Nc6 5. Bc2 e5 6. h3 Be7 7. O-O O-O 8. Re1
Re8 9. d4 Bf8 10. Bg5 h6 11. Bh4 Be7 12. Na3 Nh5 13. Bxe7 Qxe7 14. Nxe5 dxe5 15.
Qxh5 cxd4 16. cxd4 Nxd4 17. Bd3 Bd7 18. Bc4 Rac8 19. Rad1 Bc6 20. Rd3 b5 21. Bd5
Bxd5 22. exd5 Qf6 23. Nb1 e4 24. Rd2 Re5 25. Qg4 Rf5 26. Nc3 Re8 27. Rxd4 Rg5
28. Qd7 Rd8 29. Qc7 Rf8 30. Rdxe4 Qg6 31. Rg4 Rxg4 32. hxg4 Qxg4 33. d6 Rc8 34.
Qe7 Rf8 35. d7 Qd4 36. Rd1 Qb6 37. Qxf8+ 1-0

[Event "World Blitz Women 2017"]
[Site "Riyadh KSA"]
[Date "2017.12.29"]
[Round "2.28"]
[White "Fataliyeva, Ulviyya"]
[Black "Saduakassova, Dinara"]
[Result "1/2-1/2"]
[WhiteTitle "WGM"]
[BlackTitle "IM"]
[WhiteElo "2384"]
[BlackElo "2460"]
[WhiteFideId "13403052"]
[BlackFideId "13700090"]
[EventDate "2017.12.29"]

1. e4 e5 2. Nf3 Nc6 3. d4 exd4 4. Nxd4 Qf6 5. Nxc6 Bc5 6. Qd2 bxc6 7. Nc3 Bb4 8.
Bd3 Ne7 9. O-O O-O 10. a3 Bc5 11. Na4 Bd4 12. c3 Bb6 13. Qe1 d6 14. Kh1 Ng6 15.
f4 Bd7 16. Nxb6 axb6 17. Be3 Qe7 18. Qe2 f5 19. exf5 Bxf5 20. Bxf5 Rxf5 21. Qc4+
Kh8 22. Qxc6 Re8 23. Rae1 Nxf4 24. Bd2 Re5 25. Rxe5 dxe5 26. Qe4 Ng6 27. c4 Rf8
28. Re1 Rf2 29. Bc3 Qf8 30. Kg1 Rf4 31. Qd5 h6 32. g3 Rf5 33. b4 Rf3 34. Qd2 Qf5
35. Qd8+ Kh7 36. Qd2 Rd3 37. Qc1 Qf3 38. Bb2 e4 39. Rf1 Qg4 40. Qc2 Rd7 41. Re1
Re7 42. Bd4 e3 43. Bxe3 Qf3 44. Qf2 Ne5 45. Rf1 Qxf2+ 46. Bxf2 Nxc4 47. a4 Nd6
48. Rc1 Re4 49. a5 bxa5 50. bxa5 Ra4 51. Be1 Nb7 52. Rxc7 Nxa5 53. Ra7 Ra1 54.
Kf2 Nb3 55. Rb7 Nd4 56. Bc3 Ra2+ 57. Kf1 Ne6 58. Re7 Ra6 59. Ke2 Kg6 60. g4 Rc6
61. Kd2 Rd6+ 62. Ke3 Rc6 63. Be5 h5 64. h3 hxg4 65. hxg4 Kg5 66. Bxg7 Kxg4 67.
Be5 Kf5 68. Bd4 Rd6 69. Rf7+ Kg6 70. Rf6+ Kg5 71. Be5 Rc6 72. Rf7 Kg6 73. Rf1
Rb6 74. Rg1+ Kf7 75. Rf1+ Kg6 76. Rg1+ 1/2-1/2

[Event "World Blitz Women 2017"]
[Site "Riyadh KSA"]
[Date "2017.12.29"]
[Round "2.29"]
[White "Assaubayeva, Bibisara"]
[Black "Kulon, Klaudia"]
[Result "0-1"]
[WhiteTitle "FM"]
[BlackTitle "WGM"]
[WhiteElo "2381"]
[BlackElo "2370"]
[WhiteFideId "13708694"]
[BlackFideId "1131044"]
[EventDate "2017.12.29"]

1. d4 d5 2. c4 e6 3. Nf3 c6 4. e3 f5 5. g3 Bd6 6. Bg2 Nf6 7. O-O O-O 8. b3 Qe7
9. a4 a5 10. Ba3 Bxa3 11. Nxa3 b6 12. Ne5 Bb7 13. Nc2 Na6 14. Ne1 c5 15. N1f3
Rfd8 16. Qe2 Rac8 17. Rfd1 Ne4 18. Rac1 Nb4 19. dxc5 Rxc5 20. Nd4 dxc4 21. Nxc4
Ba6 22. Bxe4 fxe4 23. Qg4 Nd3 24. Nxe6 Bc8 25. Qxe4 Qxe6 26. Qxe6+ Bxe6 27. Rc3
Rcd5 28. Nxb6 R5d6 29. Nc4 Bxc4 30. Rxc4 Nb4 31. Rxd6 Rxd6 32. Rc5 Rd5 33. Rc7
Rd1+ 34. Kg2 Rd2 35. Ra7 Nd3 36. Rxa5 Rxf2+ 37. Kg1 Rb2 38. Rb5 Kf7 39. a5 Ke6
40. a6 Ra2 41. Rb6+ Kd5 42. b4 Ke4 43. b5 Kf3 44. h4 Kxg3 45. Kf1 Kf3 46. Kg1
Kg3 47. Kf1 Rf2+ 48. Kg1 Re2 0-1

[Event "World Blitz Women 2017"]
[Site "Riyadh KSA"]
[Date "2017.12.29"]
[Round "2.30"]
[White "Kovanova, Baira"]
[Black "Szczepkowska, Karina"]
[Result "1/2-1/2"]
[WhiteTitle "WGM"]
[BlackTitle "IM"]
[WhiteElo "2367"]
[BlackElo "2419"]
[WhiteFideId "4164083"]
[BlackFideId "1122681"]
[EventDate "2017.12.29"]

1. Nf3 Nf6 2. g3 b5 3. Bg2 Bb7 4. d4 e6 5. O-O Be7 6. c3 O-O 7. Re1 c5 8. Qd3 c4
9. Qc2 Be4 10. Qd1 d5 11. Nbd2 Bg6 12. Ne5 Nbd7 13. Nxg6 hxg6 14. e4 dxe4 15.
Nxe4 Nxe4 16. Bxe4 Rb8 17. Bf4 Rb6 18. Bg2 Nf6 19. Be5 Nd5 20. h4 Bf6 21. h5 g5
22. Be4 Re8 23. Qf3 a5 24. Bc2 Be7 25. Qe4 f5 26. Qe2 Bf6 27. Qf3 Rf8 28. Rad1
g4 29. Qe2 Bxe5 30. Qxe5 Qf6 31. Kg2 Qxe5 32. Rxe5 Nf6 33. Rde1 Kf7 34. d5 Nxd5
35. Bxf5 exf5 36. Rxd5 Kf6 37. Rc5 Kg5 38. Ree5 b4 39. Rxc4 bxc3 40. bxc3 Rb2
41. Rcc5 Rxa2 42. Rxa5 Rxa5 43. Rxa5 Rc8 44. Ra7 Rxc3 45. Rxg7+ Kxh5 1/2-1/2

[Event "World Blitz Women 2017"]
[Site "Riyadh KSA"]
[Date "2017.12.29"]
[Round "2.31"]
[White "Stefanova, Antoaneta"]
[Black "Cornette, Deimante"]
[Result "1-0"]
[WhiteTitle "GM"]
[BlackTitle "IM"]
[WhiteElo "2500"]
[BlackElo "2439"]
[WhiteFideId "2902257"]
[BlackFideId "12802859"]
[EventDate "2017.12.29"]

1. Nf3 Nf6 2. g3 g6 3. Bg2 Bg7 4. O-O O-O 5. d4 d6 6. a4 Nc6 7. a5 a6 8. Nc3 e5
9. d5 Ne7 10. e4 Ne8 11. Ne1 f5 12. f3 Nf6 13. Nd3 c6 14. dxc6 bxc6 15. f4 fxe4
16. fxe5 exd3 17. exf6 dxc2 18. Qd4 Bh8 19. Qc4+ d5 20. fxe7 dxc4 21. Rxf8+ Qxf8
22. exf8=Q+ Kxf8 23. Be4 Bh3 24. Bxc2 Bd4+ 25. Kh1 Re8 26. Bh6+ Kg8 27. Rd1 c5
28. Ba4 Rb8 29. Bc1 Rf8 30. Bc6 Bg4 31. Re1 Rf6 32. Bd5+ Kg7 33. h4 Rf2 34. Nd1
Rc2 35. Ne3 Bxe3 36. Bxe3 Rxb2 37. Bxc5 Ra2 38. Bd4+ Kh6 39. Bxc4 Rxa5 40. Be3+
Kh5 41. Bf4 Bf3+ 42. Kg1 Ra3 43. Re5+ Kg4 44. Be6# 1-0

[Event "World Blitz Women 2017"]
[Site "Riyadh KSA"]
[Date "2017.12.29"]
[Round "2.32"]
[White "Paehtz, Elisabeth"]
[Black "Karavade, Eesha"]
[Result "1-0"]
[WhiteTitle "IM"]
[BlackTitle "IM"]
[WhiteElo "2464"]
[BlackElo "2384"]
[WhiteFideId "4641833"]
[BlackFideId "5012600"]
[EventDate "2017.12.29"]

1. e4 c5 2. Nf3 d6 3. d4 cxd4 4. Nxd4 Nf6 5. Nc3 a6 6. Bg5 e6 7. f4 Qc7 8. Bxf6
gxf6 9. Qf3 Nc6 10. Nb3 Bd7 11. O-O-O h5 12. Kb1 O-O-O 13. f5 Be7 14. Qf2 Kb8
15. Be2 Na5 16. Rd3 Nxb3 17. axb3 Qc5 18. Qf4 Qe5 19. Qd2 Bc6 20. Bf3 h4 21. h3
Rhg8 22. Re1 Qc5 23. Bg4 Bd7 24. Ne2 Bb5 25. Rc3 Qf2 26. Bf3 Rc8 27. Rxc8+ Rxc8
28. c4 Bc6 29. Rd1 Rg8 30. Nd4 Qxd2 31. Rxd2 e5 32. Ne2 Bf8 33. Nc3 Kc7 34. Bh5
Bh6 35. Re2 Rg7 36. Bg4 Bf4 37. Kc2 Rg8 38. Kd3 Kd7 39. b4 b5 40. b3 Rb8 41. Ra2
bxc4+ 42. Kxc4 Bb5+ 43. Nxb5 axb5+ 44. Kd3 Rc8 45. Ra5 Kc6 46. Ra6+ Kd7 47. Rb6
Rc1 48. Rxb5 Rb1 49. Rb7+ Kc6 50. Rxf7 Rxb3+ 51. Kc4 Re3 52. Bf3 Bg5 53. b5+ Kb6
54. Kd5 Rd3+ 55. Kc4 Rd4+ 56. Kc3 Kxb5 57. Rb7+ Kc6 58. Rb8 Ra4 59. Rc8+ Kb6 60.
Rd8 Kc7 61. Rg8 Ra3+ 62. Kc4 Ra5 63. Bh5 Rc5+ 64. Kd3 Ra5 65. Bf7 Ra3+ 66. Kc4
Rg3 67. Kd5 Rxg2 68. Bh5 Rd2+ 69. Ke6 Rd3 70. Rg7+ Kb6 71. Rxg5 fxg5 72. Bg4 d5
73. exd5 e4 74. f6 e3 75. f7 e2 76. Bxe2 Re3+ 77. Kd7 Rxe2 78. f8=Q Rc2 79. Qb4+ 1-0

[Event "World Blitz Women 2017"]
[Site "Riyadh KSA"]
[Date "2017.12.29"]
[Round "2.33"]
[White "Bulmaga, Irina"]
[Black "Danielian, Elina"]
[Result "1-0"]
[WhiteTitle "IM"]
[BlackTitle "GM"]
[WhiteElo "2427"]
[BlackElo "2413"]
[WhiteFideId "13903063"]
[BlackFideId "13300210"]
[EventDate "2017.12.29"]

1. e4 c6 2. d4 d5 3. e5 Bf5 4. Nf3 e6 5. Be2 Nd7 6. O-O Ne7 7. Nbd2 a6 8. Nb3
Nc8 9. Bd2 Be7 10. a4 Na7 11. c4 O-O 12. Rc1 Be4 13. Ba5 b6 14. Bc3 Bxf3 15.
Bxf3 dxc4 16. Nd2 b5 17. Ne4 Rb8 18. b3 b4 19. Bd2 c3 20. Bf4 Nb6 21. Qd3 Nd5
22. Bg3 a5 23. Bg4 Qb6 24. f4 Rfd8 25. f5 c5 26. f6 Bf8 27. fxg7 Bxg7 28. Ng5
Kf8 29. Rxf7+ Ke8 30. Rxg7 Ne7 31. Rxe7+ Kxe7 32. Qxh7+ 1-0

[Event "World Blitz Women 2017"]
[Site "Riyadh KSA"]
[Date "2017.12.29"]
[Round "2.34"]
[White "Rapport, Jovana"]
[Black "Khotenashvili, Bela"]
[Result "0-1"]
[WhiteTitle "WGM"]
[BlackTitle "GM"]
[WhiteElo "2299"]
[BlackElo "2476"]
[WhiteFideId "937266"]
[BlackFideId "13602640"]
[EventDate "2017.12.29"]

1. d4 g6 2. e4 c6 3. c4 Bg7 4. Nc3 d6 5. Nf3 Nd7 6. Be2 e5 7. Be3 Ne7 8. d5 c5
9. h4 h6 10. h5 f5 11. hxg6 f4 12. Bd2 Nxg6 13. Ng1 Nf6 14. Bh5 Kf7 15. Qe2 Bd7
16. O-O-O Nxh5 17. Qxh5 Qg5 18. f3 a6 19. g4 b5 20. Nge2 Qxh5 21. gxh5 Ne7 22.
Rdg1 bxc4 23. Nd1 Bf6 24. Nf2 Rhg8 25. Be1 Rxg1 26. Rxg1 Rg8 27. Rxg8 Nxg8 28.
Nd1 Bg5 29. Ba5 Nf6 30. Bd8 Nxh5 31. Bxg5 hxg5 32. Ndc3 Nf6 33. Kd2 g4 34. fxg4
Nxg4 35. Ng1 Kf6 36. Nf3 Ne3 37. Ke2 Bg4 38. Kf2 Bxf3 39. Kxf3 0-1

[Event "World Blitz Women 2017"]
[Site "Riyadh KSA"]
[Date "2017.12.29"]
[Round "2.35"]
[White "Ding, Yixin"]
[Black "Zawadzka, Jolanta"]
[Result "1/2-1/2"]
[WhiteTitle "WGM"]
[BlackTitle "WGM"]
[WhiteElo "2424"]
[BlackElo "2424"]
[WhiteFideId "8602972"]
[BlackFideId "1122320"]
[EventDate "2017.12.29"]

1. e4 c5 2. b3 Nc6 3. Bb2 d6 4. f4 Nf6 5. d3 e6 6. Nf3 Be7 7. g3 b6 8. Bg2 Bb7
9. O-O Qc7 10. Nbd2 O-O 11. Kh1 Rad8 12. Qe2 Nd7 13. e5 dxe5 14. fxe5 Nb4 15.
Ne4 b5 16. a3 Nc6 17. Neg5 Bxg5 18. Nxg5 Ncxe5 19. Qh5 Bxg2+ 20. Kxg2 h6 21. Nh3
Ng6 22. Nf4 Nxf4+ 23. Rxf4 e5 24. Rg4 Qc6+ 25. Kg1 f5 26. Rg6 Rf6 27. Rxf6 Qxf6
28. Rf1 Rf8 29. Qf3 Qe6 30. Qb7 Kh8 31. Qxb5 f4 32. Qc4 Qd6 33. Qe4 fxg3 34.
hxg3 Rxf1+ 35. Kxf1 Qf6+ 36. Kg2 Qg5 37. Qe2 h5 38. Kh3 Qf5+ 39. Kh2 Qg5 40. b4
cxb4 41. axb4 h4 42. gxh4 Qxh4+ 43. Kg2 Qxb4 44. Bxe5 Nxe5 45. Qxe5 Qd2+ 46. Kf3
Qxc2 47. Qh5+ Kg8 48. Qe8+ Kh7 49. Qh5+ Kg8 50. Qe8+ 1/2-1/2

[Event "World Blitz Women 2017"]
[Site "Riyadh KSA"]
[Date "2017.12.29"]
[Round "2.36"]
[White "Li, Ruofan"]
[Black "Nguyen, Thi Mai Hung"]
[Result "0-1"]
[WhiteTitle "IM"]
[BlackTitle "WGM"]
[WhiteElo "2351"]
[BlackElo "2321"]
[WhiteFideId "8600643"]
[BlackFideId "12401676"]
[EventDate "2017.12.29"]

1. d4 d5 2. c4 c6 3. cxd5 cxd5 4. Bf4 Nf6 5. e3 Nc6 6. Nc3 a6 7. Bd3 Bg4 8. Nge2
e6 9. O-O Bd6 10. f3 Bh5 11. Rc1 O-O 12. a3 Bg6 13. Bg3 Bxg3 14. Nxg3 Bxd3 15.
Qxd3 Rc8 16. b4 Qd6 17. Rf2 Nd7 18. Rfc2 b5 19. Nce2 Nb6 20. e4 Nc4 21. e5 Qc7
22. f4 a5 23. bxa5 Qxa5 24. Rc3 Ne7 25. f5 exf5 26. Nxf5 Nxf5 27. Qxf5 Rce8 28.
Nf4 Qa7 29. Rd1 Rxe5 30. Qg4 Rfe8 31. Nh5 f5 32. Qg3 R5e6 33. h3 Rg6 34. Qf3 Re4
35. Qxf5 Qf7 36. Rf3 Qxf5 37. Rxf5 Ne3 38. Rd2 Nxf5 39. g4 Nxd4 40. Ng3 Nf3+ 0-1

[Event "World Blitz Women 2017"]
[Site "Riyadh KSA"]
[Date "2017.12.29"]
[Round "2.37"]
[White "Huang, Qian"]
[Black "Doluhanova, Evgeniya"]
[Result "0-1"]
[WhiteTitle "WGM"]
[BlackTitle "WGM"]
[WhiteElo "2438"]
[BlackElo "2352"]
[WhiteFideId "8602689"]
[BlackFideId "14112035"]
[EventDate "2017.12.29"]

1. d4 Nf6 2. Nf3 e6 3. c4 d5 4. Nc3 Bb4 5. Qa4+ Nc6 6. e3 O-O 7. Bd2 Bxc3 8.
Bxc3 Ne4 9. Qc2 Nxc3 10. Qxc3 Qe7 11. a3 Re8 12. cxd5 exd5 13. Be2 Nd8 14. O-O
c6 15. b4 a6 16. a4 Bd7 17. Ne5 Ne6 18. Qb3 Ng5 19. b5 axb5 20. axb5 Ne4 21. Qb2
f6 22. Nd3 cxb5 23. Nf4 Bc6 24. Bxb5 Nd6 25. Bd3 Nc4 26. Bxc4 dxc4 27. d5 Ba4
28. Qb6 Bb3 29. d6 Qd7 30. Nd5 Rxa1 31. Rxa1 Rd8 32. Ne7+ Kf7 33. Nd5 Qxd6 34.
Qxd6 Rxd6 35. Nc3 Rd3 36. Rc1 Ke6 37. Kf1 Kd6 38. Ke2 Kc5 39. Ne4+ Kb4 40. Ra1
b5 41. Ra7 g5 42. Nxf6 Bd1+ 43. Ke1 c3 44. Ne4 c2 45. Rc7 Rd5 46. Nc3 Rd8 47.
Ne4 Kb3 48. Nc5+ 0-1

[Event "World Blitz Women 2017"]
[Site "Riyadh KSA"]
[Date "2017.12.29"]
[Round "2.38"]
[White "Belenkaya, Dina"]
[Black "Hoolt, Sarah"]
[Result "0-1"]
[WhiteTitle "WGM"]
[BlackTitle "WGM"]
[WhiteElo "2303"]
[BlackElo "2405"]
[WhiteFideId "24142654"]
[BlackFideId "24606812"]
[EventDate "2017.12.29"]

1. e4 c5 2. Nf3 e6 3. g3 Nc6 4. Bg2 e5 5. O-O Nf6 6. Re1 Be7 7. c3 O-O 8. d4
cxd4 9. cxd4 d6 10. Nc3 Bg4 11. d5 Nd4 12. Be3 Nxf3+ 13. Bxf3 Bd7 14. Rc1 b5 15.
a4 a6 16. a5 b4 17. Bb6 Qe8 18. Na2 Bd8 19. Bc7 Bxc7 20. Rxc7 Qb8 21. Rc1 Qb5
22. Qd2 Rab8 23. Ra1 Qxa5 24. Nc1 Qb6 25. Nb3 Rfc8 26. Na5 Rc5 27. Nb3 Rc4 28.
Rec1 Rxc1+ 29. Qxc1 Rc8 30. Qf1 Bb5 31. Be2 Nxe4 32. Bxb5 axb5 33. Ra5 h5 34.
Rxb5 Qa7 35. Rxb4 f5 36. Kg2 Rc2 37. Rxe4 fxe4 38. Nc1 Qf7 39. Ne2 Qf3+ 40. Kg1
Qxe2 41. b4 Qxf1+ 42. Kxf1 Rb2 0-1

[Event "World Blitz Women 2017"]
[Site "Riyadh KSA"]
[Date "2017.12.29"]
[Round "2.39"]
[White "Mamedjarova, Zeinab"]
[Black "Vo, Thi Kim Phung"]
[Result "1-0"]
[WhiteTitle "WGM"]
[BlackTitle "WGM"]
[WhiteElo "2363"]
[BlackElo "2380"]
[WhiteFideId "13401521"]
[BlackFideId "12401838"]
[EventDate "2017.12.29"]

1. d4 Nf6 2. Nf3 e6 3. e3 b6 4. Bd3 Bb7 5. Nbd2 Be7 6. O-O c5 7. b3 O-O 8. Bb2
d6 9. c4 Nbd7 10. Qe2 cxd4 11. exd4 d5 12. Ne5 Rc8 13. Rfd1 Re8 14. Rac1 Nf8 15.
a3 a5 16. c5 bxc5 17. Bb5 cxd4 18. Bxe8 Nxe8 19. Rxc8 Qxc8 20. Rc1 Qa8 21. Bxd4
f6 22. Nd7 e5 23. Nxf8 Bxa3 24. Ra1 Bxf8 25. Bb6 Bb4 26. Bxa5 Bxa5 27. Qb5 Bc6 1-0

[Event "World Blitz Women 2017"]
[Site "Riyadh KSA"]
[Date "2017.12.29"]
[Round "2.40"]
[White "Arakhamia-Grant, Ketevan"]
[Black "Gevorgyan, Maria"]
[Result "0-1"]
[WhiteTitle "GM"]
[BlackTitle "WIM"]
[WhiteElo "2350"]
[BlackElo "2275"]
[WhiteFideId "13600168"]
[BlackFideId "13300270"]
[EventDate "2017.12.29"]

1. e4 e5 2. Nf3 Nf6 3. Nc3 Nc6 4. Bb5 Nd4 5. Bc4 Bc5 6. d3 d6 7. h3 h6 8. Nxd4
Bxd4 9. O-O c6 10. Bb3 b5 11. Ne2 Bb6 12. Ng3 a5 13. a4 O-O 14. Qf3 Kh7 15. Nf5
Bxf5 16. Qxf5+ g6 17. Qf3 Kg7 18. Be3 Nh7 19. axb5 cxb5 20. Bd5 Rc8 21. Qe2 f5
22. exf5 gxf5 23. Qh5 Rf6 24. c3 a4 25. Qh4 Rg6 26. Qxd8 Bxd8 27. c4 f4 28. Bd2
Rb8 29. Kh2 bxc4 30. dxc4 Rxb2 31. Bc3 Rb3 32. Rfc1 Nf6 33. Bf3 Rb8 34. c5 e4
35. Bxe4 Rg5 36. cxd6 Kf7 37. Bf3 Rb6 38. Rxa4 Rxd6 39. Ra7+ Kg6 40. Bb4 Rd4 41.
Bc5 Rd2 42. Re1 Rxc5 43. Re6 Rxf2 44. Rd6 Ba5 45. Be4+ Kh5 46. Rxf6 Re5 47. Bf3+
Kg5 48. Rf8 Rxf3 49. gxf3 Re2+ 50. Kg1 Bb6+ 51. Kf1 Rf2+ 52. Ke1 Bxa7 53. Rf7
Be3 54. Re7 Rxf3 55. Ke2 Rxh3 56. Re5+ Kf6 57. Ra5 Rh2+ 0-1

[Event "World Blitz Women 2017"]
[Site "Riyadh KSA"]
[Date "2017.12.29"]
[Round "2.41"]
[White "Nechaeva, Marina"]
[Black "Nakhbayeva, Guliskhan"]
[Result "0-1"]
[WhiteTitle "IM"]
[BlackTitle "WGM"]
[WhiteElo "2424"]
[BlackElo "2314"]
[WhiteFideId "4149351"]
[BlackFideId "13704788"]
[EventDate "2017.12.29"]

1. d4 Nf6 2. c4 e6 3. Nc3 Bb4 4. Nf3 d5 5. cxd5 exd5 6. Bg5 h6 7. Bh4 O-O 8. e3
c5 9. dxc5 Be6 10. Be2 Nbd7 11. O-O Bxc3 12. bxc3 Rc8 13. Nd4 Qe7 14. c6 bxc6
15. Ba6 Qc5 16. Bxc8 Rxc8 17. Nxe6 fxe6 18. Bxf6 Nxf6 19. Qd4 Qe7 20. c4 e5 21.
Qd3 e4 22. Qe2 Qe5 23. cxd5 cxd5 24. Rac1 Rf8 25. h3 Nh7 26. Rfd1 Ng5 27. Qg4
Kh7 28. Rc5 Qb2 29. Qg3 Qxa2 30. Rcxd5 a5 31. h4 Ne6 32. R5d2 Qc4 33. Qe5 a4 34.
Rd6 Nc5 35. R6d5 Qe2 36. Qg3 Nd3 37. Rf1 Rf6 38. Rd7 Rg6 39. Qh3 Ne5 40. Rdd1
Nf3+ 41. Kh1 Nd2 42. Rg1 Qxf2 43. Qh2 Nc4 44. Rdf1 Qxe3 45. Qh3 Qd4 46. h5 Rg5
47. Rf8 e3 48. Rf5 Rg4 0-1